Devinez la Capitale Mystère #8 - Statistiques

Statistiques générales
  • Ce quiz a été pris 312 fois
  • Le résultat moyen est 30 sur 35
Statistiques - réponses
Type de Réponse Réponse % Correct
Lettre Trouvée R
100%
Lettre Trouvée A
99%
Lettre de l'Alphabet I
99%
Lettre de l'Alphabet S
99%
Lettre Trouvée E
98%
Lettre de l'Alphabet O
98%
Lettre Trouvée B
96%
Lettre Trouvée L
96%
Lettre de l'Alphabet N
96%
Lettre de l'Alphabet P
95%
Lettre de l'Alphabet T
93%
Lettre Trouvée D
92%
Lettre de l'Alphabet M
92%
Lettre de l'Alphabet U
91%
Lettre Bien Placée B
89%
Lettre de l'Alphabet C
87%
Lettre Bien Placée E
86%
Lettre de l'Alphabet K
86%
Lettre de l'Alphabet H
85%
Lettre Bien Placée R
85%
Lettre Trouvée G
84%
Lettre de l'Alphabet V
82%
Lettre Bien Placée A
81%
Lettre de l'Alphabet W
81%
Lettre Bien Placée E
80%
Lettre de l'Alphabet Y
79%
Lettre de l'Alphabet X
77%
Lettre de l'Alphabet J
73%
Lettre Bien Placée L
70%
Lettre de l'Alphabet Z
69%
Lettre de l'Alphabet F
68%
Lettre Bien Placée G
68%
Lettre Bien Placée D
67%
Lettre de l'Alphabet Q
67%
Capitale Mystère Belgrade
66%
Aucun quiz correspondant
Distribution des résultats
% des personnes avec chaque résultat
Percentile par nombre de réponses
Votre historique - résultats
Vous n’avez pas pris ce quiz